000
00354nam a2200157Ia 4500
008
230605s1991 xx 000 0 und d
041
_a
eng
100
_a
Andrews
245
_a
Hotel House-Keeping Mannual
250
_a
7th
260
_b
Tata Mc.Grawhill Co.
_c
1991
300
_a
136p
520
_a
General
520
_a
Hard Board
650
_a
H.K.
999
_c
419836
_d
419836